Rafinirovanije židkich metallov i splavov v električeskom pole /

Salvato in:
Dettagli Bibliografici
Autori principali: Kajbičev, Appolinarij V (Autore), Leninskich, Boris M (Autore)
Natura: Libro
Lingua:russo
Pubblicazione: Moskva : Nauka, 1983
Tags: Aggiungi Tag
Nessun Tag, puoi essere il primo ad aggiungerne!!

MARC

LEADER 00000nam a22000003a 4500
001 stu37513
005 20150617225724.0
008 920714s1983----xxr-----------------rus-d
040 |a STU  |b slo 
041 0 |a rus 
044 |a xxr 
100 1 |a Kajbičev, Appolinarij V  |4 aut 
245 1 |a Rafinirovanije židkich metallov i splavov v električeskom pole /  |c [aut.]Appolinarij V. Kajbičev, Boris M. Leninskich 
260 |a Moskva :  |b Nauka,  |c 1983 
300 |a 116 s 
700 1 |a Leninskich, Boris M  |4 aut 
996 |b 284M055335  |c M*7355-1  |l MMKN  |s A  |a 24  |w stu37513_0001